| 000 | 00831nam a2200265 i 4500 | ||
|---|---|---|---|
| 001 | 000014383 | ||
| 003 | DO-SdBNP | ||
| 005 | 20240508110358.0 | ||
| 007 | ta | ||
| 008 | 091211s1993 dr 000 0 spa d | ||
| 040 |
_aDO-SdBNP _bspa _cBNPHU _erda |
||
| 049 | _aBNPD | ||
| 082 | 4 |
_bS944n _222 |
|
| 100 | 1 |
_aSuero, Angel Augusto, _d1908 - _926808 _eautor |
|
| 245 | 1 | 0 |
_aNorte y sur / _cAngel Augusto Suero ; prólogo, Gustavo Adolfo Tavárez |
| 264 |
_aSanto Domingo : _bCamilo, _c1993. |
||
| 300 |
_a300 páginas ; _c21 cm. |
||
| 336 |
_2rdacontent _atexto _btxt |
||
| 337 |
_2rdamedia _asin mediación _bn |
||
| 338 |
_2rdacarrier _avolumen _bnc |
||
| 500 | _aIncluye datos biográficos del autor en la solapas. | ||
| 590 | _aInventarado, 2024/BT | ||
| 700 | 1 |
_aTavárez, Gustavo Adolfo, _eprólogo _985411 |
|
| 942 |
_2ddc _cLBS1 |
||
| 999 |
_c13974 _d13974 |
||